Bude Slovenská republika len objektom globalizácie?
Globalizácia podniku. Hlavné prekážky globalizácie. Vývojové fázy internacionalizácie podniku na multinacionálny podnik. Pojem multinacionálny podnik. Väčšina slovenských podnikov má charakter národných podnikov. Pôsobenie multinacionálnych podnikov na Slovensku.
Enregistré dans:
| Auteur principal: | |
|---|---|
| Format: | Chapitre de livre |
| Langue: | slovaque |
| Sujets: | |
| Tags: |
Pas de tags, Soyez le premier à ajouter un tag!
|
MARC
| LEADER | 00000naa a2200000 4500 | ||
|---|---|---|---|
| 001 | r025569 | ||
| 005 | 20230825100550.0 | ||
| 041 | 0 | |a slo | |
| 044 | |a SK | ||
| 245 | 1 | 0 | |a Bude Slovenská republika len objektom globalizácie? |c Jana Sršňová |
| 520 | |a Globalizácia podniku. Hlavné prekážky globalizácie. Vývojové fázy internacionalizácie podniku na multinacionálny podnik. Pojem multinacionálny podnik. Väčšina slovenských podnikov má charakter národných podnikov. Pôsobenie multinacionálnych podnikov na Slovensku. | ||
| 610 | 2 | 0 | |a globalizácia |
| 610 | 2 | 0 | |a podnik |
| 610 | 2 | 0 | |a internacionalizácia |
| 610 | 2 | 0 | |a segmentácia trhu |
| 610 | 2 | 0 | |a podnik multinacionálny |
| 610 | 2 | 0 | |a Slovensko |
| 100 | 1 | |a Sršňová, Jana | |